1245 1351 1033 1319 1992 1347 1278 1563 1722 1028 1716 1376 1471 1913 1889 1204 1246 1792 1612 1868 1853 2000 1023 1418 1592 1368 1268 1870 1202 1110 1801 1226 1871 1326 1128 1084 1408 1111 1646 1178 1976 1545 1290 1984 1197 1585 1409 1044 1829 1762 1564 1938 1930 1405 1579 1813 1129 1799 1773 1913 1877 1969 1308 1566 1384 1093 1173 1922 1080 1678 1910 1213 1850 1458 1795 1593 1868 1958 1575 1313 1852 1908 1437 1128 1155 1177 1297 1102 1403 1770 1931 1869 1925 1975 1350 1460 1694 1226 1196 BCNSPRNW ULIB Ver.6.0+V

เปลี่ยนเป็นภาษาไทย

Change to English
 แสดงรายละเอียดบรรณานุกรม
  กลับหน้าหลัก

Brief Record : Get Marc (ISO 2709) : E-mail record : QR code < ปิดหน้าต่าง
LEADER : 00000nam 2200000uu 4500
001    13399111928
003     ULIB
008    110627s2552||||th 000 0 tha d
020    9786165000147
090    นว.^bศ118ศ 2552
100 0  ศตรัศมิ์
245 00 ศาสตร์รัก นักอ่านใจ/^cศตรัศมิ์
250    พิมพ์ครั้งที่ 1
260    กรุงเทพฯ :^bพิมพ์คำ,^c2552
300    415 หน้า
710 1  พิมพ์คำ
945    ^p270^l0^i026765
995    ทศพร
999 ^a ใช้งานได้ทุกระบบ
รายการนี้ยังไม่มีแท็ก
คุณยังไม่ได้ล็อกอิน คุณสามารถมีกิจกรรมร่วมกับเว็บไซต์ได้ แต่ต้องล็อกอินก่อน ::
  ล็อกอิน

รายการสื่อสารสนเทศ

ลำดับที่ ประเภท เลขเรียก/บาร์โค้ด สถานที่ สถานะ
- ไม่พบข้อมูล -

BibComment


ยังไม่เคยถูกคอมเมนท์

คอมเมนท์ทรัพยากรรายการนี้
  คอมเมนท์: ศาสตร์รัก นักอ่าน..


 Copyright 2026. Bcnsprnw @Library